IFM Opac

Tax incentives and capital spending (Record no. 15330)

MARC details
000 -LEADER
fixed length control field 00322nam a22001337a 4500
020 ## - INTERNATIONAL STANDARD BOOK NUMBER
International Standard Book Number 0815729413
082 ## - DEWEY DECIMAL CLASSIFICATION NUMBER
Classification number 332.634 FRO
100 ## - MAIN ENTRY--PERSONAL NAME
Personal name Fromm Gary
245 ## - TITLE STATEMENT
Title Tax incentives and capital spending
260 ## - PUBLICATION, DISTRIBUTION, ETC.
Place of publication, distribution, etc. london
Name of publisher, distributor, etc. North-Holland
Date of publication, distribution, etc. 1971
300 ## - PHYSICAL DESCRIPTION
Extent xvii, 301p.
Other physical details ill, 22cm.
500 ## - GENERAL NOTE
General note Include index
942 ## - ADDED ENTRY ELEMENTS (KOHA)
Koha item type Books
Holdings
Withdrawn status Lost status Source of classification or shelving scheme Damaged status Not for loan Home library Current library Shelving location Date acquired Full call number Barcode Date last seen Price effective from Koha item type
    Dewey Decimal Classification     IFM Main Campus Library IFM Main Campus Library   02/10/2016 332.634 FRO 0000005209 02/10/2016 02/10/2016 Books